Bezpečná autentizácia v prostredí IoT

Salvato in:
Dettagli Bibliografici
Autore principale: Lánik, Matej (Autore)
Altri autori: Hudec, Ladislav (Relatore della tesi)
Natura: Manoscritto Libro
Lingua:slovacco
Pubblicazione: 2022
Soggetti:
Accesso online:http://is.stuba.sk/zp/portal_zp.pl?podrobnosti=148445
Tags: Aggiungi Tag
Nessun Tag, puoi essere il primo ad aggiungerne!!

MARC

LEADER 00000ntm a22000003a 4500
001 stuzp88147
003 SK-STU
005 20220625211226.8
007 ta
008 150427s2015----xo-----f-mn---000-0-slo-d
040 |a STU  |b slo 
041 0 |a slo 
100 1 |a Lánik, Matej  |u 070400  |4 aut  |U FIIT Fakulta informatiky a informačných technológií  |T FIIT Ústav počítačového inžinierstva a aplikovanej informatiky  |X 96940  |U I400  |Y 672  |7 96940 
242 0 1 |a Secure authentication in IoT enviroment  |y eng 
245 1 0 |a Bezpečná autentizácia v prostredí IoT 
260 |c 2022 
650 4 |a Internet vecí  |2 slo 
650 4 |a Autentifikácia  |2 slo 
650 4 |a Autentizácia  |2 slo 
650 4 |a Bezpečnosť  |2 slo 
650 4 |a Súkromie  |2 slo 
650 4 |a Kybernetický útok  |2 slo 
650 4 |a Authentication  |2 eng 
650 4 |a Authorization  |2 eng 
650 4 |a Internet of things  |2 eng 
650 4 |a Security  |2 eng 
650 4 |a Privacy  |2 eng 
650 4 |a Cybernetic attack  |2 eng 
700 1 |a Hudec, Ladislav  |u 070400  |k Z1  |4 ths  |U FIIT Fakulta informatiky a informačných technológií  |T FIIT Ústav počítačového inžinierstva a aplikovanej informatiky  |X 2081  |U I400  |Y 672  |7 2081 
856 4 |u http://is.stuba.sk/zp/portal_zp.pl?podrobnosti=148445